Top 30 : DJ Snake - Statistiques

Statistiques générales
  • Ce quiz a été pris 33 fois
  • Le résultat moyen est 14 sur 30
Statistiques - réponses
Top Titres Featuring % Correct
2 Lean On Major Lazer, MØ
90%
25 Lean On - Remix Major Lazer, MØ, J Balvin, Farruko
90%
1 Let Me Love You Justin Bieber
90%
28 Let Me Love You - Andrew Watt Acoustic Remix Justin Bieber
90%
29 Let Me Love You - Marshmello Remix Justin Bieber, Marshmello
90%
27 Let Me Love You - R3hab Remix Justin Bieber, R3hab
90%
23 Let Me Love You - Tiësto's AFTR:HRS Mix Tiësto, Justin Bieber
90%
3 Taki Taki Selena Gomez, Cardi B, Ozuna
90%
6 Turn Down for What Lil Jon
74%
5 Loco Contigo J Balvin, Tyga
68%
17 Loco Contigo - Remix J Balvin, Ozuna, Nicky Jam, Natti Natasha, Darell, Sech
68%
4 Middle Bipolar Sunshine
65%
9 A Different Way Lauv
42%
11 Get Low Dillon Francis
35%
16 Selfish Love Selena Gomez
35%
7 You Know You Like It AlunaGeorge
35%
13 Magenta Riddim
29%
8 SG Megan Thee Stallion, Ozuna, Lisa
29%
10 U Are My High Future
26%
15 U Are My High
26%
21 Teka Peso Pluma
23%
22 Enzo Sheck Wes, Offset, 21 Savage, Gucci Mane
19%
12 Please Don't Change Jung Kook
19%
18 Fuego Sean Paul, Anitta, Tainy
13%
24 Talk George Maple
13%
20 The Half Jeremih, Young Thug, Swizz Beatz
13%
14 Creep On Me Gashi, French Montana
10%
26 Propaganda
10%
19 Run It Rick Ross, Rich Brian
10%
30 Safety Gashi
3%
Aucun quiz correspondant
Distribution des résultats
% des personnes avec chaque résultat
Percentile par nombre de réponses
Votre historique - résultats
Vous n’avez pas pris ce quiz